| 000 | 00670nam a22002053i 4500 | ||
|---|---|---|---|
| 001 | 81804 | ||
| 003 | BD-RjUL | ||
| 005 | 20230829152634.0 | ||
| 008 | 210825s1971 ii ||| | urd d | ||
| 035 | _a(BD-RjUL)81804 | ||
| 040 |
_aUkOxU _beng _erda _cUkOxU |
||
| 041 | _aurd | ||
| 082 |
_223 _a954 _b |
||
| 100 |
_aخاں, سر سيد احمد ;; Khakh, Sir Syed Ahmed _98686 |
||
| 245 | 0 | 0 |
_aاسباب بغاوت هند / Asbāb-i bag̲ẖāvat-i Hind / _ctaṣnīf Sar Sayyid Aḥmad Ḵẖān ;تصنيف سر سيد احمد خاں; |
| 264 | 1 |
_alahore : _baynah i adab, _c1971. |
|
| 300 |
_a112 pages ; _c20 cm |
||
| 650 |
_zIndia _vHistory |
||
| 942 |
_2ddc _cBK |
||
| 999 |
_c81804 _d81804 |
||